LEADER 05213nam 2200757 450 001 9910813722803321 005 20200923020339.0 010 $a3-11-052861-4 024 7 $a10.1515/9783110528893 035 $a(CKB)4100000001501668 035 $a(DE-B1597)475061 035 $a(OCoLC)1013826120 035 $a(DE-B1597)9783110528893 035 $a(Au-PeEL)EBL5156753 035 $a(CaPaEBR)ebr11473952 035 $a(MiAaPQ)EBC5156753 035 $a(PPN)224588583 035 $a(EXLCZ)994100000001501668 100 $a20171223h20172017 uy 0 101 0 $aeng 135 $aurcnu|||||||| 181 $2rdacontent 182 $2rdamedia 183 $2rdacarrier 200 00$aHorace and Seneca $einteractions, intertexts, interpretations /$fHerausgegeben von Martin Stockinger, Kathrin Winter und Andreas T. Zanker 210 1$aBerlin, [Germany] ;$aBoston, [Massachusetts] :$cDe Gruyter,$d2017. 210 4$d©2017 215 $a1 online resource (445 pages) $cillustrations 225 1 $aBeitra?ge zur Altertumskunde,$x1616-0452 ;$vBand 365 311 $a3-11-052402-3 311 $a3-11-052889-4 320 $aIncludes bibliographical references at the end of each chapters and index. 327 $tFrontmatter -- $tForeword -- $tTable of Contents -- $tIntroduction -- $tI. Philosophy in Literature - Literature in Philosophy -- $tDressing Philosophy with sal niger. Horace's Role in Seneca's Approach to the Diatribic Tradition / $rDel Giovane, Barbara -- $tNurses' Prayers, Philosophical otium, and Fat Pigs: Seneca Ep. 60 versus Horace Ep. 1.4 / $rBerno, Francesca Romana -- $tSaturnalian Exchanges: Seneca, Horace, and Satiric Advice / $rEdwards, Catharine -- $tII. Horatian Verse in Senecan Tragedy -- $tCustode rerum Caesare: Horatian Civic Engagement and the Senecan Tragic Chorus / $rTarrant, Richard -- $tHoratian Contexts in Senecan Tragedy / $rTrinacty, Christopher -- $tSounds and Space. Seneca's Horatian Lyrics / $rAllendorf, Tobias -- $tStrictness, Freedom, and Experimentation in Horatian and Senecan Metrics / $rGeiger, Jonathan -- $tIII. Themes and Concepts -- $tTime in Horace and Seneca / $rVogt-Spira, Gregor -- $tStudiorum instrumenta: Loaded Libraries in Seneca and Horace / $rBlum, Barak -- $tThe Metapoetics of Liber-ty. Horace's Bacchic Ship in Seneca's De Tranquillitate Animi / $rGiusti, Elena -- $tConstructing Oneself in Horace and Seneca / $rKirichenko, Alexander -- $tIV. Modes of Quotation and Issues of Reception -- $tNostra faciamus. Quoting in Horace and Seneca / $rTischer, Ute -- $tHorace, Seneca, and Martial: 'Sententious Style' across Genres / $rMindt, Nina -- $tSeneca, Horace, and the Anglo-Latin 'Moralising Lyric' in Early Modern England / $rMoul, Victoria -- $tTable of Correspondences -- $tWorks cited -- $tContributors and Editors -- $tGeneral Index 330 $aThis volume sets out to explore the complex relationship between Horace and Seneca. It is the first book that examines the interface between these different and yet highly comparable authors with consideration of their ?uvres in their entirety. The fourteen chapters collected here explore a wide range of topics clustered around the following four themes: the combination of literature and philosophy; the ways in which Seneca's choral odes rework Horatian material and move beyond it; the treatment of ethical, poetic, and aesthetic questions by the two authors; and the problem of literary influence and reception as well as ancient and modern reflections on these problems. While the intertextual contacts between Horace and Seneca themselves lie at the core of this project, it also considers the earlier texts that serve as sources for both authors, intermediary steps in Roman literature, and later texts where connections between the two philosopher-poets are drawn. Although not as obviously palpable as the linkage between authors who share a common generic tradition, this uneven but pervasive relationship can be regarded as one of the most prolific literary interactions between the early Augustan and the Neronian periods. A bidirectional list of correspondences between Horace and Seneca concludes the volume. 410 0$aBeitra?ge zur Altertumskunde ;$vBand 365. 606 $aHorace 606 $aHoraz 606 $aIntertextualita?t 606 $aRezeptionswissenschaft 606 $aSeneca 606 $aintertextuality 606 $areception studies 606 $aLITERARY CRITICISM / Ancient & Classical$2bisacsh 610 $aHorace. 610 $aSeneca. 610 $aintertextuality. 610 $areception studies. 615 0$aHorace. 615 0$aHoraz. 615 0$aIntertextualita?t. 615 0$aRezeptionswissenschaft. 615 0$aSeneca. 615 0$aintertextuality. 615 0$areception studies. 615 7$aLITERARY CRITICISM / Ancient & Classical. 676 $a874.01 702 $aSto?ckinger$b Martin 702 $aWinter$b Kathrin 702 $aZanker$b Andreas Thomas$f1981- 801 0$bMiAaPQ 801 1$bMiAaPQ 801 2$bMiAaPQ 906 $aBOOK 912 $a9910813722803321 996 $aHorace and Seneca$91502830 997 $aUNINA LEADER 03577nam 22007215 450 001 9910337853703321 005 20251225194957.0 010 $a3-030-21949-6 024 7 $a10.1007/978-3-030-21949-9 035 $a(CKB)4100000008347199 035 $a(DE-He213)978-3-030-21949-9 035 $a(MiAaPQ)EBC5924060 035 $a(PPN)236522299 035 $a(EXLCZ)994100000008347199 100 $a20190529d2019 u| 0 101 0 $aeng 135 $aurnn|008mamaa 181 $ctxt$2rdacontent 182 $cc$2rdamedia 183 $acr$2rdacarrier 200 10$aFunctional Imaging and Modeling of the Heart $e10th International Conference, FIMH 2019, Bordeaux, France, June 6?8, 2019, Proceedings /$fedited by Yves Coudière, Valéry Ozenne, Edward Vigmond, Nejib Zemzemi 205 $a1st ed. 2019. 210 1$aCham :$cSpringer International Publishing :$cImprint: Springer,$d2019. 215 $a1 online resource (XVII, 435 p. 230 illus., 186 illus. in color.) 225 1 $aImage Processing, Computer Vision, Pattern Recognition, and Graphics,$x3004-9954 ;$v11504 311 08$a3-030-21948-8 320 $aIncludes bibliographical references and index. 327 $aElectrophysiology: Mapping and biophysical modelling -- Novel imaging tools and analysis methods for myocardial tissue characterization and remodeling -- Biomechanics: Modeling and tissue property measurements -- Advanced cardiac image analysis tools for diagnostic and interventions. 330 $aThis book constitutes the refereed proceedings of the 10th International Conference on Functional Imaging and Modeling of the Heart, held in Bordeaux, France, in June 2019. The 46 revised full papers were carefully reviewed and selected from 50 submissions. The focus of the papers is on following topics: Electrophysiology: mapping and biophysical modelling; Novel imaging tools and analysis methods for myocardial tissue characterization and remodeling; Biomechanics: modeling and tissue property measurements; Advanced cardiac image analysis tools for diagnostic and interventions. 410 0$aImage Processing, Computer Vision, Pattern Recognition, and Graphics,$x3004-9954 ;$v11504 606 $aComputer vision 606 $aComputer science$xMathematics 606 $aNumerical analysis 606 $aArtificial intelligence 606 $aComputer networks 606 $aComputer Vision 606 $aMathematical Applications in Computer Science 606 $aNumerical Analysis 606 $aArtificial Intelligence 606 $aComputer Communication Networks 615 0$aComputer vision. 615 0$aComputer science$xMathematics. 615 0$aNumerical analysis. 615 0$aArtificial intelligence. 615 0$aComputer networks. 615 14$aComputer Vision. 615 24$aMathematical Applications in Computer Science. 615 24$aNumerical Analysis. 615 24$aArtificial Intelligence. 615 24$aComputer Communication Networks. 676 $a611.12 676 $a616.120754 702 $aCoudière$b Yves$4edt$4http://id.loc.gov/vocabulary/relators/edt 702 $aOzenne$b Valéry$4edt$4http://id.loc.gov/vocabulary/relators/edt 702 $aVigmond$b Edward$4edt$4http://id.loc.gov/vocabulary/relators/edt 702 $aZemzemi$b Nejib$4edt$4http://id.loc.gov/vocabulary/relators/edt 801 0$bMiAaPQ 801 1$bMiAaPQ 801 2$bMiAaPQ 906 $aBOOK 912 $a9910337853703321 996 $aFunctional Imaging and Modeling of the Heart$92841683 997 $aUNINA